<?xml version="1.0" encoding="UTF-8"?>
<record
    xmlns:xsi="http://www.w3.org/2001/XMLSchema-instance"
    xsi:schemaLocation="http://www.loc.gov/MARC21/slim http://www.loc.gov/standards/marcxml/schema/MARC21slim.xsd"
    xmlns="http://www.loc.gov/MARC21/slim">

  <leader>00299nam a22001097a 4500</leader>
  <controlfield tag="003">NUST</controlfield>
  <controlfield tag="005">20251009154104.0</controlfield>
  <datafield tag="082" ind1=" " ind2=" ">
    <subfield code="a">621.3615,CHO</subfield>
  </datafield>
  <datafield tag="245" ind1=" " ind2=" ">
    <subfield code="a">Radio Frequency Management Conference / </subfield>
    <subfield code="c">Muhammad Abbas Choudhary</subfield>
  </datafield>
  <datafield tag="260" ind1=" " ind2=" ">
    <subfield code="a">Frequency Allocation Board</subfield>
    <subfield code="b">Islamabad</subfield>
    <subfield code="c">1999</subfield>
  </datafield>
  <datafield tag="942" ind1=" " ind2=" ">
    <subfield code="2">ddc</subfield>
    <subfield code="c">BK</subfield>
  </datafield>
  <datafield tag="999" ind1=" " ind2=" ">
    <subfield code="c">615136</subfield>
    <subfield code="d">615136</subfield>
  </datafield>
  <datafield tag="952" ind1=" " ind2=" ">
    <subfield code="0">0</subfield>
    <subfield code="1">0</subfield>
    <subfield code="2">ddc</subfield>
    <subfield code="4">0</subfield>
    <subfield code="7">0</subfield>
    <subfield code="a">MCS</subfield>
    <subfield code="b">MCS</subfield>
    <subfield code="c">GEN</subfield>
    <subfield code="d">2025-10-09</subfield>
    <subfield code="l">0</subfield>
    <subfield code="o">621.3615,CHO</subfield>
    <subfield code="p">MCS27483</subfield>
    <subfield code="r">2025-10-09</subfield>
    <subfield code="w">2025-10-09</subfield>
    <subfield code="y">BK</subfield>
    <subfield code="z">Almirah No.76, Shelf No.2</subfield>
  </datafield>
</record>
